European Camos - Statistics

General Stats
  • This quiz has been taken 12 times
  • The average score is 11 of 16
Answer Stats
Picture Answer % Correct
Germany
100%
Great Britain
100%
Switzerland
100%
Belgium
91%
France
82%
Greece
82%
Norway
82%
Poland
82%
Sweden
82%
Austria
73%
Ireland
73%
Italy
64%
Hungary
45%
Slovenia
36%
Holland
27%
Czech Republik
18%
No matching quizzes found
Score Distribution
Percent of People with Each Score
Percentile by Number Answered
Your Score History
You have not taken this quiz